Dans quels départements sont ces villes de Nouvelle Aquitaine ? - Statistiques

Statistiques générales
  • Ce quiz a été pris 50 fois
  • Le résultat moyen est 28 sur 35
Statistiques - réponses
Hint Réponse % Correct
Bordeaux Gironde
100%
Pau Pyrénées Atlantiques
93%
Angoulême Charente
90%
Mont de Marsan Landes
90%
Bayonne Pyrénées Atlantiques
90%
La Rochelle Charente Maritime
88%
Périgueux Dordogne
88%
Pessac Gironde
88%
Biarritz Pyrénées Atlantiques
88%
Brive la Gaillarde Corrèze
83%
Mérignac Gironde
83%
Bègles Gironde
83%
Dax Landes
83%
Agen Lot et Garonne
83%
Villeneuve sur Lot Lot et Garonne
83%
Talence Gironde
81%
Anglet Pyrénées Atlantiques
81%
Poitiers Vienne
81%
Niort Deux Sèvres
79%
Rochefort Charente Maritime
76%
Limoges Haute Vienne
76%
La Teste de Buch Gironde
74%
Gradignan Gironde
74%
Libourne Gironde
74%
Gujan Mestras Gironde
74%
Bergerac Dordogne
71%
Lormont Gironde
71%
Cenon Gironde
69%
Le Bouscat Gironde
69%
Bruges Gironde
69%
Villenave d'Ornon Gironde
67%
Saint Médard en Jalles Gironde
67%
Eysines Gironde
67%
Châtellerault Vienne
60%
Saintes Charente Maritime
55%
Aucun quiz correspondant
Distribution des résultats
% des personnes avec chaque résultat
Percentile par nombre de réponses
Votre historique - résultats
Vous n’avez pas pris ce quiz